Highest ranking in FIFA World Cup - Statistics

General Stats
  • This quiz has been taken 22 times
  • The average score is 20 of 80
Answer Stats
Hint Answer % Correct
Brazil 1st
100%
Germany 1st
100%
Argentina 1st
100%
Italy 1st
100%
Spain 1st
70%
Uruguay 1st
70%
Belgium 3rd
70%
England 1st
65%
France 1st
65%
Netherlands 2nd
50%
Sweden 2nd
45%
Portugal 3rd
45%
Mexico 6th
45%
United States 3rd
40%
Croatia 2nd
35%
South Korea 4th
35%
Morocco 4th
35%
Switzerland 6th
35%
Hungary 2nd
30%
Czech Republic 2nd
30%
Poland 3rd
30%
Russia 4th
30%
Chile 3rd
25%
Colombia 5th
25%
Ghana 7th
25%
Paraguay 8th
25%
Denmark 8th
25%
Scotland 9th
25%
Ecuador 12th
20%
Ivory Coast 17th
20%
Austria 3rd
20%
Turkey 3rd
20%
Serbia 4th
20%
Bulgaria 4th
20%
Peru 7th
20%
Costa Rica 8th
20%
Ireland 8th
20%
Japan 9th
20%
Australia 11th
15%
Saudi Arabia 12th
15%
Norway 12th
15%
Egypt 13th
15%
Iran 14th
15%
Algeria 14th
15%
Honduras 18th
15%
Cameroon 7th
15%
Senegal 7th
15%
Cuba 7th
15%
Northern Ireland 8th
15%
Ukraine 8th
15%
Tunisia 9th
15%
Bolivia 12th
10%
Israel 12th
10%
Greece 13th
10%
Haiti 15th
10%
Indonesia 15th
10%
El Salvador 16th
10%
DR Congo 16th
10%
Slovakia 16th
10%
South Africa 17th
10%
Slovenia 18th
10%
Bosnia and Herzegovina 20th
10%
Kuwait 21st
10%
Canada 24th
10%
Romania 6th
10%
North Korea 8th
10%
Nigeria 9th
10%
Jamaica 22nd
5%
New Zealand 23rd
5%
Iraq 23rd
5%
Angola 23rd
5%
United Arab Emirates 24th
5%
Trinidad and Tobago 27th
5%
Togo 30th
5%
Qatar 32nd
5%
Wales 6th
5%
East Germany 6th
5%
Iceland 28th
0%
China 31st
0%
Panama 32nd
0%
No matching quizzes found
Score Distribution
Percent of People with Each Score
Percentile by Number Answered
Your Score History
You have not taken this quiz